Sanskrit speech habits and panini : (Record no. 127695)

MARC details
000 -LEADER
fixed length control field 00809nam a22002417a 4500
005 - DATE AND TIME OF LATEST TRANSACTION
control field 20170124110029.0
010 ## - LIBRARY OF CONGRESS CONTROL NUMBER
LC control number A-408169
020 ## - INTERNATIONAL STANDARD BOOK NUMBER
Terms of availability 00.00
035 ## - SYSTEM CONTROL NUMBER
System control number A-408169
037 ## - SOURCE OF ACQUISITION
Source of stock number/acquisition Cen Lib/Ret
040 ## - CATALOGING SOURCE
Original cataloging agency DPL
Language of cataloging EN
082 ## - DEWEY DECIMAL CLASSIFICATION NUMBER
Classification number 491.2
Item number BHA
100 ## - MAIN ENTRY--PERSONAL NAME
Personal name Bhandare, V.V.
9 (RLIN) 21250
245 ## - TITLE STATEMENT
Title Sanskrit speech habits and panini :
Statement of responsibility, etc by V.V. Bhandare
Remainder of title with special reference to sandhi, samāsa, and the roots-chapters of Pāṇini's Aṣṭādhyāy /ī
260 ## - PUBLICATION, DISTRIBUTION, ETC. (IMPRINT)
Place of publication, distribution, etc Delhi
Name of publisher, distributor, etc Mala Ahuja
Date of publication, distribution, etc 1986
270 ## - ADDRESS
Address Malka Ganj
City Delhi
Postal code 110007
300 ## - PHYSICAL DESCRIPTION
Extent 387p.
Dimensions 20cm(Hb)
500 ## - GENERAL NOTE
General note Includes bibliographical reference and index
650 ## - SUBJECT ADDED ENTRY--TOPICAL TERM
Topical term or geographic name as entry element Sanskrit language--Grammar
9 (RLIN) 19810
650 ## - SUBJECT ADDED ENTRY--TOPICAL TERM
Topical term or geographic name as entry element Aṣṭādhyāyī (Pāṇini)
9 (RLIN) 21251
700 ## - ADDED ENTRY--PERSONAL NAME
9 (RLIN) 20986
942 ## - ADDED ENTRY ELEMENTS (KOHA)
Source of classification or shelving scheme Dewey Decimal Classification
Koha item type English Books
Classification part 491.2
Call number suffix BHA
Holdings
Withdrawn status Lost status Damaged status Not for loan Home library Current library Date acquired Source of acquisition Cost, normal purchase price Total Checkouts Full call number Barcode Date last seen Copy number Cost, replacement price Price effective from Koha item type Public note
Written off       Central Library Central Library 30/06/2015 Cen Lib/Ret 0.00   491.2 BHA A-408169 30/06/2015 1 0.00 30/06/2015 English Books Written off on approval by DLB (By Circulation); dtd 15-06-2023

© Delhi Public Library
Hit Counter
free hit counter